Karboxylátomeďnaté komplexy s potenciálnou bioaktivitou
Uložené v:
| Hlavný autor: | |
|---|---|
| Ďalší autori: | |
| Médium: | Rukopis Kniha |
| Jazyk: | Slovak |
| Vydavateľské údaje: |
2022
|
| Predmet: | |
| On-line prístup: | http://is.stuba.sk/zp/portal_zp.pl?podrobnosti=163685 |
| Tagy: |
Žiadne tagy, Buďte prvý, kto otaguje tento záznam!
|
MARC
| LEADER | 00000ntm a22000003a 4500 | ||
|---|---|---|---|
| 001 | stuzp88917 | ||
| 003 | SK-STU | ||
| 005 | 20220604210323.5 | ||
| 007 | ta | ||
| 008 | 150427s2015----xo-----f-mn---000-0-slo-d | ||
| 040 | |a STU |b slo | ||
| 041 | 0 | |a slo | |
| 100 | 1 | |a Anderková, Veronika |u 042190 |4 aut |U FCHPT Ústav anorganickej chémie, technológie a materiálov |T FCHPT Oddelenie anorganickej chémie |X 86976 |U C2190 |Y 112 |7 86976 | |
| 242 | 0 | 1 | |a Bioactivity of carboxylatocopper(II) complexes |y eng |
| 245 | 1 | 0 | |a Karboxylátomeďnaté komplexy s potenciálnou bioaktivitou |
| 260 | |c 2022 | ||
| 650 | 4 | |a meďnaté komplexy |2 slo | |
| 650 | 4 | |a 4-pyridylmetanol |2 slo | |
| 650 | 4 | |a DNA |2 slo | |
| 650 | 4 | |a katecholoxidáza |2 slo | |
| 650 | 4 | |a bioaktivita |2 slo | |
| 650 | 4 | |a copper (II) complexes |2 eng | |
| 650 | 4 | |a 4-pyridylmethanol |2 eng | |
| 650 | 4 | |a bioactivity |2 eng | |
| 650 | 4 | |a DNA |2 eng | |
| 650 | 4 | |a catechol oxidase |2 eng | |
| 700 | 1 | |a Puchoňová, Miroslava |u 042190 |k Z2 |4 ths |U FCHPT Ústav anorganickej chémie, technológie a materiálov |T FCHPT Oddelenie anorganickej chémie |X 40261 |U C2190 |Y 112 |7 A000040261 | |
| 856 | 4 | |u http://is.stuba.sk/zp/portal_zp.pl?podrobnosti=163685 | |